Central Library OPAC University of Rajshahi

Human bondage in southeast Asia / (Record no. 42929)

MARC details
000 -LEADER
fixed length control field 00875nam a2200265 a 4500
001 - CONTROL NUMBER
control field 42929
003 - CONTROL NUMBER IDENTIFIER
rucl marc code BD-RjUL
005 - DATE AND TIME OF LATEST TRANSACTION
control field 20211209053622.0
008 - FIXED-LENGTH DATA ELEMENTS--GENERAL INFORMATION
fixed length control field 160618s1950 ncu 001 0 eng
035 ## - SYSTEM CONTROL NUMBER
System control number MITb10454356
System control number (BD-RjUL) 43047
System control number GLIS00454356
040 ## - CATALOGING SOURCE
Original cataloging agency DLC
Transcribing agency AKC
Modifying agency m.c.
-- MYG
-- BD-RjUL
Language of cataloging eng
041 ## - LANGUAGE CODE
Language code of text/sound track or separate title eng
082 ## - DEWEY DECIMAL CLASSIFICATION NUMBER
Edition number 23
Classification number 331.5
Author mark and year LAH 1950
100 1# - MAIN ENTRY--PERSONAL NAME
Personal name Lasker, Bruno,
Dates associated with a name 1880-1965.
9 (RLIN) 131836
245 10 - TITLE STATEMENT
Title Human bondage in southeast Asia /
Statement of responsibility, etc. Bruno, Lasker
260 ## - PUBLICATION, DISTRIBUTION, ETC. (IMPRINT)
Place of publication, distribution, etc. Chapel Hill :
Name of publisher, distributor, etc. University of North Carolina Press,
Date of publication, distribution, etc. 1950
300 ## - PHYSICAL DESCRIPTION
Pagination 406 p. ;
Size 25 cm.
500 ## - GENERAL NOTE
General note "Published under the auspices of the Institute of Pacific Relations."
504 ## - BIBLIOGRAPHY, ETC. NOTE
Bibliography, etc Bibliographical references included in "Notes" (p. [333]-386)
650 #0 - SUBJECT ADDED ENTRY--TOPICAL TERM
Topical term or geographic name as entry element Forced labor
Geographic subdivision Southeast Asia.
9 (RLIN) 131837
942 ## - ADDED ENTRY ELEMENTS (KOHA)
Source of classification or shelving scheme Dewey Decimal Classification
Koha item type Books
949 ## - LOCAL PROCESSING INFORMATION (OCLC)
a MYGD
b 39080006975830
Holdings
Lost status Source of classification or shelving scheme Damaged status Not for loan Collection code Permanent Location Current Location Shelving location Date acquired Source of acquisition Cost, normal purchase price Total Checkouts Full call number Date last seen Copy number Koha item type
  Dewey Decimal Classification     Non-fiction Central Library, University of Rajshahi Central Library, University of Rajshahi   22/06/1955 O.U.P. 27.00   331.5 LAH 1950 18/06/2016 C-2 Books